Konateľ spoločnosti

Konateľom spoločnosti môže byť len fyzická osoba. Konateľ spoločnosti je jedným z jej výkonných orgánov, ktorého právom a povinnosťou je riadiť spoločnosť a za spoločnosť konať. Zodpovednosť konateľa za škodu. Sociálne a zdravotné poistenie konateľa. Viacnásobný zmluvný vzťah.

Salvato in:
Dettagli Bibliografici
Autore principale: Višňovec, Ignác
Natura: Capitolo di libro
Lingua:slovacco
Soggetti:
Tags: Aggiungi Tag
Nessun Tag, puoi essere il primo ad aggiungerne!!

MARC

LEADER 00000naa a2200000 4500
001 0160450
005 20231120125718.0
041 0 |a slo 
044 |a SK 
245 1 0 |a Konateľ spoločnosti  |c Ignác Višňovec 
520 |a Konateľom spoločnosti môže byť len fyzická osoba. Konateľ spoločnosti je jedným z jej výkonných orgánov, ktorého právom a povinnosťou je riadiť spoločnosť a za spoločnosť konať. Zodpovednosť konateľa za škodu. Sociálne a zdravotné poistenie konateľa. Viacnásobný zmluvný vzťah. 
610 2 0 |a spoločnosti 
610 2 0 |a konatelia 
100 1 |a Višňovec, Ignác